|
|
|
|
| LEADER |
00659nam a22002051a 4500 |
| 020 |
|
|
|a 9780099268055
|c 0.00
|
| 040 |
|
|
|a SSUS - Library - Kalady
|
| 082 |
|
|
|a 823
|b ITA/C
|
| 100 |
|
|
|a Italo Calvino
|
| 245 |
|
|
|a The castle of crossed destinies
|h [Text]
|
| 260 |
|
|
|a London
|b Vintage
|c 1997
|
| 300 |
|
|
|a 129p.
|
| 600 |
|
|
|a Literature English
|
| 600 |
|
|
|a Literature
|
| 600 |
|
|
|a Novel English
|
| 600 |
|
|
|a Translation Italian Novel
|
| 852 |
|
|
|h 823
|i ITA/C
|p 024453
|9 0.00
|t 0
|
| 942 |
|
|
|c BK
|
| 999 |
|
|
|c 6797
|d 6797
|
| 952 |
|
|
|0 0
|1 0
|4 0
|6 823_000000000000000_ITA_C
|7 0
|9 10275
|a SSUS
|b SSUS
|d 2015-01-08
|g 0.00
|l 2
|o 823 ITA/C
|p 024453
|r 2019-08-01
|s 2019-07-17
|v 0.00
|w 2015-01-08
|y BK
|